000 01505cam a2200217 4500
008 231107s2004 r 000 0 eng u
041 _aeng
110 _aFrost and Sullivan
_94747
245 _aAssessment of the current employment structure of Chartered Surveyors
_banalysis of the development of the main market segments and the corresponding impact on future employment opportunities for chartered surveyors in the land consultancy group: full report
260 _aLondon
_bRICS
_c2004
300 _a70p approx (unnumbered)
_bwirebound
500 _aExecutive summary also separately available RICS 2004/56
520 _aAn independent report commissioned by RICS Land Consultancy Group from market consultants Frost and Sullivan, which investigates the current and future direction of the markets in which members of the four Faculties of the Land Consultancy group operate. over the short to medium term. Concludes that these market sectors are growing and will continue to grow with the exception of the minerals sector. But there are concerns about the future availability of skilled resources to take up the resulting workload.
650 _aLAND
650 _aROYAL INSTITUTION OF CHARTERED SURVEYORS
650 _aSURVEYING PROFESSION
690 _aABOUT RICS-RICS STRUCTURE AND GOVERNANCE-RICS FACULTIES AND FORUMS-RICS FACULTIES AND FORUMS STAFF-RICS LAND CONSULTANCY GROUP
690 _aRICS
_96277
710 _aRoyal Institution of Chartered Surveyors
_94900
942 _n0
_2ddc
999 _c121702
_d121702